Zahoďte karty a kľúče, trendom je biometria
Biometrický systém slovenskej firmy Innovatrics. Celosvetový líder v oblasti rozpoznávania odtlačkov prstov s realizáciami vo všetkých krajinách sveta okrem Antarktídy. Algoritmus na rozpoznávanie odtlačkov prstov ocenený niekoľkými medzinárodnými cenami. Majiteľ a spoluzakladateľ slovenskej firmy -...
Gespeichert in:
| 1. Verfasser: | |
|---|---|
| Weitere Verfasser: | |
| Format: | Buchkapitel |
| Sprache: | Slowakisch |
| Schlagworte: | |
| Tags: |
Keine Tags, Fügen Sie das erste Tag hinzu!
|
MARC
| LEADER | 00000naa a2200000 4500 | ||
|---|---|---|---|
| 001 | 0192726 | ||
| 005 | 20231011130035.5 | ||
| 041 | 0 | |a slo | |
| 044 | |a SK | ||
| 245 | 1 | 0 | |a Zahoďte karty a kľúče, trendom je biometria |c Lea Lisá, Ján Lunter |
| 520 | |a Biometrický systém slovenskej firmy Innovatrics. Celosvetový líder v oblasti rozpoznávania odtlačkov prstov s realizáciami vo všetkých krajinách sveta okrem Antarktídy. Algoritmus na rozpoznávanie odtlačkov prstov ocenený niekoľkými medzinárodnými cenami. Majiteľ a spoluzakladateľ slovenskej firmy - Ján Lunter. Rozhovor s Jánom Lunterom. | ||
| 610 | 2 | 0 | |a identifikácia automatická |
| 610 | 2 | 0 | |a bezpečnosť |
| 610 | 2 | 0 | |a technológie informačné |
| 610 | 2 | 0 | |a technológie komunikačné |
| 610 | 2 | 0 | |a firmy |
| 610 | 2 | 0 | |a kontrola |
| 100 | 1 | |a Lisá, Lea | |
| 700 | 1 | |a Lunter, Ján | |